Les villes décorées de la Légion d'honneur - Statistiques

Statistiques générales
  • Ce quiz a été pris 42 fois
  • Le résultat moyen est 16 sur 70
Statistiques - réponses
Département / Pays Date Motif Indice Ville % Correct
75 1900 Guerre de 1870 P Paris
85%
59 1900 Siège de 1792 L Lille
70%
69 1949 2e Guerre mondiale L Lyon
67%
76 1949 2e Guerre mondiale R Rouen
67%
29 1949 2e Guerre mondiale B Brest
48%
57 1919 Fidélité à la France M Metz
48%
54 1919 1ère Guerre mondiale N Nancy
48%
55 1916 1ère Guerre mondiale V Verdun
48%
Algérie 2004 Capitale de la France Libre A Alger
45%
90 1896 Guerre de 1870 B Belfort
45%
76 1949 2e Guerre mondiale LH Le Havre
45%
Royaume-Uni 2020 2e Guerre mondiale L Londres
45%
67 1919 Guerre de 1870 S Strasbourg
45%
14 1948 2e Guerre mondiale C Caen
42%
Luxembourg 1957 1ère et 2e Guerres mondiales L Luxembourg
42%
62 1919 1ère Guerre mondiale L Lens
39%
62 1919 1ère Guerre mondiale A Arras
36%
Congo 2006 Capitale de la France Libre B Brazzaville
36%
59 1919 1ère Guerre mondiale D Dunkerque
36%
51 1919 1ère Guerre mondiale R Reims
36%
02 1897 Guerre de 1870 SQ Saint-Quentin
36%
62 1947 2e Guerre mondiale C Calais
33%
21 1899 Guerre de 1870 D Dijon
33%
80 1948 2e Guerre mondiale A Amiens
30%
Serbie 1920 1ère Guerre mondiale B Belgrade
30%
56 1949 2e Guerre mondiale L Lorient
27%
44 1949 2e Guerre mondiale SN Saint-Nazaire
27%
59 1900 Siège de 1792 V Valenciennes
27%
Belgique 1914 1ère Guerre mondiale L Liège
21%
62 1919 1ère Guerre mondiale B Béthune
18%
42 1864 Campagne de 1814 R Roanne
18%
50 1950 2e Guerre mondiale SL Saint-Lô
18%
Russie 1984 2e Guerre mondiale V Volgograd
18%
59 1919 1ère Guerre mondiale D Douai
15%
27 1948 2e Guerre mondiale E Evreux
15%
87 1949 2e Guerre mondiale OSG Oradour-sur-Glane
15%
52 1905 Siège de 1544 SD Saint-Dizier
15%
35 1948 2e Guerre mondiale SM Saint-Malo
15%
57 1920 Campagnes de 1792 et 1814 et Guerre de 1870 T Thionville
15%
59 1949 2e Guerre mondiale (pour un quartier de la commune actuelle) VDA Villeneuve d'Ascq
15%
80 1948 2e Guerre mondiale A Abbeville
12%
14 1948 2e Guerre mondiale F Falaise
12%
54 1930 1ère Guerre mondiale PAM Pont-à-Mousson
12%
62 1947 2e Guerre mondiale BSM Boulogne-sur-Mer
9%
59 1919 1ère Guerre mondiale C Cambrai
9%
71 1815 Campagne de 1814 CSS Chalon-sur-Saône
9%
80 1913 Guerre de 1870 P Péronne
9%
88 1949 2e Guerre mondiale SDDV Saint-Dié-des-Vosges
9%
02 1920 1ère Guerre mondiale S Soissons
9%
02 1920 1ère Guerre mondiale CT Château-Thierry
6%
60 1920 1ère Guerre mondiale N Noyon
6%
80 1932 1ère Guerre mondiale A Albert
3%
61 1949 2e Guerre mondiale A Argentan
3%
62 1919 Guerre de 1870 B Bapaume
3%
28 1877 Guerre de 1870 C Châteaudun
3%
54 1930 1ère Guerre mondiale L Longuyon
3%
54 1919 1ère Guerre mondiale L Longwy
3%
80 1924 1ère Guerre mondiale M Montdidier
3%
88 1896 Guerre de 1870 R Rambervillers
3%
21 1815 Campagne de 1814 SJDL Saint-Jean-de-Losne
3%
54 1930 1ère Guerre mondiale ALR Audun-le-Roman
0%
54 1929 1ère Guerre mondiale B Badonviller
0%
08 1900 Guerre de 1870 B Bazeilles
0%
57 1919 Guerre de 1870 B Bitche
0%
72 1949 2e Guerre mondiale E Etobon
0%
54 1930 1ère Guerre mondiale G Gerbéviller
0%
59 1900 Siège de 1794 L Landrecies
0%
54 1928 1ère Guerre mondiale N Nomény
0%
57 1919 Guerre de 1870 P Phalsbourg
0%
71 1815 Campagne de 1814 T Tournus
0%
Aucun quiz correspondant
Distribution des résultats
% des personnes avec chaque résultat
Percentile par nombre de réponses
Votre historique - résultats
Vous n’avez pas pris ce quiz